000 00971nam a2200253Ia 4500
003 OSt
005 20220923225701.0
006 a|||||r|||| 00| 0
007 ta
008 220922b |||||||| |||| 00| 0 hin d
024 _a273,434
037 _cTextual
040 _aARTS
_cARTS
_bhin
041 _2hin
_ahin
082 _aO152,3(Y31):g, L9
100 _aपाण्डेय, इन्दु प्रकाश
_9157573
245 0 _aहिन्दी के आंचलिक उपन्यासों में जीवन सत्य
246 _aHindī ke āanchalik upanyāsoan mean jīvan satya
260 _aनई दिल्ली
_b नेशनल पब्लिशिंग हाउस
_c1979
300 _a302पृ.
_ccm.
650 _aहिन्दी साहित्य
_9156264
942 _hO152,3(Y31):g, L9
_cTEXL
_2CC
999 _c379831
_d379831